000 00741nam a2200253Ia 4500
005 20220316235731.0
008 121119s2000 sp gr 000 f spa
020 _a8484035859
041 0 _aspa
100 1 _aBalzac, Honore de
_d1799-1850
245 1 3 _aLa piel de zapa
_cHonore de Balzac
250 _aPrimera edición
300 _a303 páginas
_c20 cm
650 1 4 _aNovela francesa
_2LEMB
650 1 4 _aNovela psicológica
_2LEMB
650 1 4 _aNovela amorosa
_2LEMB
942 _2loc
_cBKLIT
264 _aArganda del Rey (Madrid)
_bEDIMAT
_c[2000]
336 _atexto
_btxt
_2rdacontent
337 _asin mediación
_bn
_2rdamedia
338 _avolumen
_bnc
_2rdacarrier
040 _aCO-BoRNBP
_bspa
_erda
_cCO-BoRNBP
084 _aN BAL1
999 _c1983
_d1983